Italian "are" Verbs - Statistics

General Stats
  • This quiz has been taken 470 times
  • The average score is 17 of 21
Answer Stats
Hint Answer % Correct
Cantare To sing
98%
Studiare To study
96%
Ballare To dance
95%
Pensare To think
92%
Lavorare To work
92%
Pagare To pay
91%
Giocare To play
91%
Aiutare To help
90%
Viaggiare To travel
90%
Abitare To live
88%
Aspettare To wait
84%
Ascoltare To listen
81%
RIcordare To remember
81%
Nuotare To swim
78%
Imparare To learn
75%
Tagliare To cut
69%
Guidare To drive
68%
Portare To bring
67%
Suonare To play
65%
Pranzare To have lunch
58%
Mandare To send
58%
No matching quizzes found
Score Distribution
Percent of People with Each Score
Percentile by Number Answered
Your Score History
You have not taken this quiz